Highest Goalscorers in Serie A 2019-'20 - Statistics

General Stats
  • This quiz has been taken 90 times
  • The average score is 14 of 27
Answer Stats
Rank Team Goals Answer % Correct
1 Lazio 36 Ciro Immobile
98%
2 Juventus 31 Cristiano Ronaldo
95%
3 Inter 23 Romelu Lukaku
93%
11 Inter 14 Lautaro Martinez
86%
5 Atalanta 18 Duván Zapata
85%
11 Sassuolo 14 Domenico Berardi
83%
8 Torino 16 Andrea Belotti
73%
5 Atalanta 18 Luis Muriel
73%
8 Roma 16 Edin Džeko
72%
10 Atalanta 15 Josip Iličić
68%
17 Juventus 11 Paulo Dybala
68%
17 Sampdoria 11 Fabio Quagliarella
62%
24 AC Milan 10 Zlatan Ibrahimović
62%
4 Sassuolo 21 Francesco Caputo
52%
5 Cagliari 18 João Pedro
43%
17 Napoli 11 Arkadiusz Milik
41%
14 SPAL 12 Andrea Petagna
38%
17 AC Milan 11 Ante Rebić
36%
24 Fiorentina 10 Federico Chiesa
30%
14 Cagliari 12 Giovanni Simeone
22%
14 Parma 12 Andreas Cornelius
21%
17 Sassuolo 11 Jeremie Boga
20%
17 Sampdoria 11 Manolo Gabbiadini
19%
11 Lecce 14 Marco Mancosu
19%
17 Lecce 11 Gianluca Lapadula
15%
24 Udinese 10 Kevin Lasagna
14%
24 Parma 10 Dejan Kulusevski
12%
No matching quizzes found
Score Distribution
Percent of People with Each Score
Percentile by Number Answered
Your Score History
You have not taken this quiz